Piłkarska kariera Milana Skriniara. - Statystyki

Ogólne statystyki
  • Ten quiz został rozwiązany 34 razy
  • Średni wynik to 2 z 5
Statystyki odpowiedzi
Lata Drużyna % Poprawnych
2017-teraz Inter
100%
2016-2017 Sampdoria
47%
2012-2013 Zilina
17%
2013-2016 Zilina
17%
2013-2013 Zlate Moravce
3%
Nie znaleziono quizów pasujących do podanych kryteriów
Rozkład punktacji
Procent ludzi z każdym wynikiem
Percentyl według liczby udzielonych odpowiedzi
Twoja historia wyników
Nie rozwiązałeś tego quizu